Normal view MARC view
  • मल्होत्रा, राजीव

Entry Personal Name

Number of records used in: 1

001 - CONTROL NUMBER

  • control field: 216866

003 - CONTROL NUMBER IDENTIFIER

  • control field: OSt

005 - DATE AND TIME OF LATEST TRANSACTION

  • control field: 20260309150043.0

008 - FIXED-LENGTH DATA ELEMENTS

  • fixed length control field: 260309|| aca||aabn | a|a d

040 ## - CATALOGING SOURCE

  • Original cataloging agency: OSt
  • Transcribing agency: OSt

100 ## - HEADING--PERSONAL NAME

  • Personal name: मल्होत्रा, राजीव

670 ## - SOURCE DATA FOUND

  • Source citation: Work cat.: (OSt)370611: मल्होत्रा, राजीव, संघर्ष संस्कृत आणि संस्कृतीसाठी, 2020